| 000 | 00531 a2200169 4500 | ||
|---|---|---|---|
| 999 |
_c10439 _d10439 |
||
| 020 | _a9780323390545 | ||
| 050 | _aRC 815 WOO 2017 | ||
| 100 |
_aWoo, Sook-Bin _eauthor |
||
| 245 |
_aOral pathology : _ba comprehensive atlas and text / _cSook-Bin Woo |
||
| 250 | _a2nd edition | ||
| 264 |
_aChina: _bElsevier, _c2017 |
||
| 300 |
_a519p.: _bcolored illustrations |
||
| 500 | _aIncludes bibliographical references and index | ||
| 650 |
_aMESH: mouth diseases- _xpathology |
||
| 650 | _aatlases | ||
| 942 |
_2lcc _cBK _e2nd _h815 _iWOO _kRC |
||